Stati Insulari - Statistics

Statistiche generali
  • Questo quiz è stato fatto 78 volte
  • Il punteggio medio è 41 su 46
Statistiche sulle risposte
Continente Nazione % Corretto
America del Nord Bahamas
97%
America del Nord Cuba
97%
Asia Filippine
97%
Asia Giappone
97%
Europa Malta
97%
Africa Capo Verde
95%
Europa Irlanda
95%
America del Nord Antigua e Barbuda
94%
Asia Cipro
94%
America del Nord Haiti
94%
Europa Islanda
94%
Asia Maldive
94%
Oceania Nuova Zelanda
94%
Europa Regno Unito
94%
Asia Sri Lanka
94%
America del Nord Barbados
92%
Africa São Tomé e Príncipe
92%
Africa Seychelles
92%
Oceania Tuvalu
92%
Asia Indonesia
91%
Africa Madagascar
91%
America del Nord Repubblica Dominicana
91%
America del Nord Saint Kitts e Nevis
91%
Africa Comore
89%
Oceania Figi
89%
America del Nord Giamaica
89%
Oceania Isole Marshall
89%
Oceania Isole Salomone
89%
America del Nord Saint Lucia
89%
Oceania Stati Federati di Micronesia
89%
America del Nord Trinidad e Tobago
89%
Oceania Vanuatu
89%
Africa Mauritius
88%
Oceania Nauru
88%
Oceania Papua Nuova Guinea
86%
America del Nord Dominica
85%
Oceania Palau
85%
Oceania Tonga
85%
America del Nord Saint Vincent e Grenadine
83%
Oceania Samoa
83%
Asia Brunei
82%
America del Nord Grenada
80%
Asia Singapore
80%
Asia Timor Est
80%
Oceania Kiribati
77%
Asia Bahrein
68%
Nessun quiz corrispondente trovato
Distribuzione punteggi
Percentuale di utenti per punteggio
Percentile per numero di risposta
I tuoi punteggi nel tempo
Non hai fatto questo quiz